000 00659nam a2200181Ia 4500
008 090123s9999 xx 000 0 und d
082 _b26239
100 _aपै किशोरी सुरेंद्र
245 _aआरोग्य कसे सांभाळावे
250 _a1
260 _bमीनल प्रकाशन
300 _a95
600 _aपै किशोरी सुरेंद्र
630 _aआरोग्य कसे सांभाळावे
700 _aपै किशोरी सुरेंद्र
730 _aआरोग्य कसे सांभाळावे
942 _cBOOK
999 _c64309
_d64309